000 00372nam a2200133 4500
005 20241005105906.0
008 220606b ||||| |||| 00| 0 eng d
022 _a20958137
040 _a
_c
_d
_e
245 _aZR Zoological Research
260 _aChina
_bEditorial office of zoological Research
_cJan,2022
856 _uhttps://www.zoores.ac.cn/
942 _2ddc
_cPR
_s1
999 _c223265
_d223265